Score 0/40 Timer 10:00
0 Plays Today
% Correct
Uluru-Kata Tjuta National Park, Uluru (Ayers Rock), NT
100%
Blue Mountains National Park, Three Sisters, NSW
50%
Kakadu National Park, Jim Jim Falls, NT
40.9%
Cradle Mountain-Lake St Clair National Park, TAS
36.4%
Port Campbell National Park, 12 Apostles, VIC
27.3%
Flinders Ranges National Park, Cazneaux Tree and Wilpena Pound, SA
27.3%
Kosciuszko National Park, Snowy Mountains, Lake Albina, NSW
27.3%
Freycinet National Park, Wineglass Bay, TAS
27.3%
Purnululu National Park, Bungle Bungles, WA
27.3%
Great Sandy National Park, Fraser Island, SS Maheno Wreck, QLD
22.7%
Glass House Mountains National Park, QLD
22.7%
Nambung National Park, The Pinnacles, WA
18.2%
Great Sandy National Park, Cooloola Recreation Area, QLD
18.2%
Mount Field National Park, Russell Falls, TAS
18.2%
Hartz Mountains National Park, Hartz Lake, TAS
18.2%
Warrumbungle National Park, The Breadknife, NSW
18.2%
Main Range National Park, Queen Mary Falls, QLD
18.2%
Mungo National Park, NSW
18.2%
Whitsunday Islands National Park, Whitehaven Beach, QLD
13.6%
Flinders Chase National Park, Kangaroo Island, SA
13.6%
% Correct
Nitmiluk National Park, Katherine Gorge, NT
13.6%
Grampians National Park, VIC
13.6%
Bald Rock National Park, NSW
13.6%
Southwest National Park, Louisa Island and Louisa Bay, TAS
13.6%
Arakwal National Park, Tallow Beach, NSW
13.6%
Ku-ring-gai Chase National Park, Barrenjoey Headland, NSW
13.6%
Porcupine Gorge National Park, QLD
13.6%
Cape Le Grand National Park, Hellfire Bay, WA
13.6%
Stirling Range National Park, WA
13.6%
Otway National Park, Beauchamp Falls, VIC
9.1%
Undara Volcanic National Park, QLD
9.1%
Karijini National Park, WA
9.1%
Watarrka National Park, KingsCanyon, NT
9.1%
Mount Buffalo National Park, The Horn, VIC
9.1%
Kalbarri National Park, Rock Island, WA
9.1%
Maria Island National Park, Fossil Bay, TAS
9.1%
Walpole-Nornalup National Park, Tree Top Walk, WA
9.1%
Ben Boyd National Park, Pinnacles, NSW
9.1%
Yalgorup National Park, Lake Clifton, Stromatolites,WA
9.1%
Porongurup National Park, Castle Rock, WA
9.1%
Remove Ads.
Support Sporcle.
Get the best of Sporcle when you Go Orange. This ad-free experience offers more features, more stats, and more fun while also helping to support Sporcle. Thank you for becoming a member.

You're not logged in!

Compare scores with friends on all Sporcle quizzes.
OR
Log In

Show Comments

Extras

Top Quizzes Today


Score Distribution

Your Account Isn't Verified!

In order to create a playlist on Sporcle, you need to verify the email address you used during registration. Go to your Sporcle Settings to finish the process.

Report this User

Report this user for behavior that violates our Community Guidelines.

Details: